Scheme of accelerator classification (Record no. 68441)

MARC details
000 -LEADER
fixed length control field 00354nam a2200145Ia 4500
100 ## - MAIN ENTRY--AUTHOR NAME
Personal name Dinsmore R P
245 #0 - TITLE STATEMENT
Title Scheme of accelerator classification
260 ## - PUBLICATION, DISTRIBUTION, ETC. (IMPRINT)
Name of publisher IRI Transactions
Year of publication 1928
300 ## - PHYSICAL DESCRIPTION
Number of Pages 85-106
650 ## - SUBJECT ADDED ENTRY--TOPICAL TERM
Topical Term Accelerator
650 ## - SUBJECT ADDED ENTRY--TOPICAL TERM
Topical Term Vulcanisation
700 ## - ADDED ENTRY--PERSONAL NAME
Personal name Vogt W W
942 ## - ADDED ENTRY ELEMENTS (KOHA)
Koha item type Journals
Holdings
Withdrawn status Lost status Damaged status Not for loan Home library Current library Shelving location Date acquired Serial Enumeration / chronology Koha item type
      Journals RRII Library RRII Library Rubber chemistry 17/12/2021 Volume 4, Issue 1 Journals